000 00365nam a22001457a 4500
005 20180129124256.0
008 180129b xxu||||| |||| 00| 0 eng d
040 _cPK-LaUMT
082 _aPKAC 297.7409519
_bABU-H
100 _aAbu Bakr J. Kim
245 _aHistory of Islam in Koria
_cAbu Bakr J. Kim
260 _a[ ]
_b[ ]
_c1987
300 _a] [
942 _cBK
999 _c102394
_d102394